Scroggie`s foundations of wireless and electronics (Record no. 80365)
[ view plain ]
| 000 -LEADER | |
|---|---|
| fixed length control field | 00802nam a2200205 a 4500 |
| 008 - FIXED-LENGTH DATA ELEMENTS--GENERAL INFORMATION | |
| fixed length control field | 120416s1997 ||||||||||||||||| || u |
| 020 ## - INTERNATIONAL STANDARD BOOK NUMBER | |
| International Standard Book Number | 0750634308 |
| 050 ## - LIBRARY OF CONGRESS CALL NUMBER | |
| Classification number | TK 6550.28 Scr |
| 100 ## - MAIN ENTRY--PERSONAL NAME | |
| Personal name | Amos, S. W |
| 245 10 - TITLE STATEMENT | |
| Title | Scroggie`s foundations of wireless and electronics |
| 250 ## - EDITION STATEMENT | |
| Edition statement | 11th ed. |
| 260 ## - PUBLICATION, DISTRIBUTION, ETC. | |
| Place of publication, distribution, etc. | Oxford |
| Name of publisher, distributor, etc. | Newnes |
| Date of publication, distribution, etc. | 1997. |
| 300 ## - PHYSICAL DESCRIPTION | |
| Extent | x, 293 p. : ill. |
| 350 ## - | |
| -- | 0.00 |
| 650 #0 - SUBJECT ADDED ENTRY--TOPICAL TERM | |
| Topical term or geographic name entry element | ELECTRONICS |
| 650 ## - SUBJECT ADDED ENTRY--TOPICAL TERM | |
| Topical term or geographic name entry element | RADIO |
| 650 ## - SUBJECT ADDED ENTRY--TOPICAL TERM | |
| Topical term or geographic name entry element | COMMUNICATION |
| 995 ## - | |
| -- | MAIN LIBRARY OPEN ACCESS |
| -- | 0.00 |
| -- | 735956 |
| -- | CBU-MAIN LIBRARY (Kitwe) |
| -- | 1 |
| -- | 11.95 |
| -- | TK 6550.28 Scr |
| -- | 1 |
| -- | AVAILABLE |
| -- | May 29, 2006 |
| -- | 38722 |
| -- | Main Library Open Access Collection |
| 995 ## - | |
| -- | MAIN LIBRARY OPEN ACCESS |
| -- | 0.00 |
| -- | 730183 |
| -- | CBU-MAIN LIBRARY (Kitwe) |
| -- | 2 |
| -- | 11.95 |
| -- | TK 6550.28 Scr |
| -- | 2 |
| -- | AVAILABLE |
| -- | 027182 |
| -- | Main Library Open Access Collection |
| 999 ## - | |
| -- | 80365 |
| -- | 80365 |
| Withdrawn status | Lost status | Source of classification or shelving scheme | Damaged status | Not for loan | Permanent Location | Current Location | Shelving location | Date acquired | Total Checkouts | Full call number | Barcode | Date last seen | Copy number | Price effective from | Koha item type |
|---|---|---|---|---|---|---|---|---|---|---|---|---|---|---|---|
| CBU-MAIN LIBRARY, KITWE. | CBU-MAIN LIBRARY, KITWE. | 06/29/2023 | TK 6550.28 Scr | 38722 | 06/29/2023 | 1 | 06/29/2023 | MONOGRAPH | |||||||
| CBU-MAIN LIBRARY, KITWE. | CBU-MAIN LIBRARY, KITWE. | 06/29/2023 | TK 6550.28 Scr | 027182 | 06/29/2023 | 2 | 06/29/2023 | MONOGRAPH |